000 00361nam a2200145Ia 4500
005 20251222175928.0
008 251222s9999||||xx |||||||||||||| ||spa||
020 _a8425340039
082 _a863.64/F18
100 _aFalcones de la Sierra, Idelfonso
245 0 _aLa Catedral del Mar
250 _a2da.ed.
264 _bEdiciones Grijalbo, S.A.
942 _cLIB
999 _c40928
_d40928